MARC details
| 000 -CABECERA |
| campo de control de longitud fija |
02945nam a22003493i 4500 |
| 001 - NÚMERO DE CONTROL |
| campo de control |
991107525932506196 |
| 005 - FECHA Y HORA DE LA ÚLTIMA TRANSACCIÓN |
| campo de control |
20250618102254.0 |
| 006 - CÓDIGOS DE INFORMACIÓN DE LONGITUD FIJA--CARACTERÍSTICAS DEL MATERIAL ADICIONAL |
| campo de control de longitud fija |
m o d | |
| 007 - CAMPO FIJO DE DESCRIPCIÓN FÍSICA--INFORMACIÓN GENERAL |
| campo de control de longitud fija |
cr cnu|||||||| |
| 008 - DATOS DE LONGITUD FIJA--INFORMACIÓN GENERAL |
| campo de control de longitud fija |
250411s2025 xx o ||||0 eng d |
| 020 ## - NÚMERO INTERNACIONAL ESTÁNDAR DEL LIBRO |
| Número Internacional Estándar del Libro |
9780262049610 |
| 035 ## - NÚMERO DE CONTROL DEL SISTEMA |
| Número de control de sistema |
(MiAaPQ)EBC31368809 |
| 035 ## - NÚMERO DE CONTROL DEL SISTEMA |
| Número de control de sistema |
(Au-PeEL)EBL31368809 |
| 035 ## - NÚMERO DE CONTROL DEL SISTEMA |
| Número de control de sistema |
(CKB)38280587700041 |
| 035 ## - NÚMERO DE CONTROL DEL SISTEMA |
| Número de control de sistema |
(OCoLC)1468098631 |
| 035 ## - NÚMERO DE CONTROL DEL SISTEMA |
| Número de control de sistema |
(EXLCZ)9938280587700041 |
| 040 ## - FUENTE DE LA CATALOGACIÓN |
| Centro catalogador/agencia de origen |
MiAaPQ |
| Lengua de catalogación |
eng |
| Normas de descripción |
rda |
| -- |
pn |
| Centro/agencia transcriptor |
MiAaPQ |
| Centro/agencia modificador |
MiAaPQ |
| 041 ## - CÓDIGO DE LENGUA |
| Código de lengua del texto/banda sonora o título independiente |
eng |
| 050 ## - SIGNATURA TOPOGRÁFICA DE LA BIBLIOTECA DEL CONGRESO |
| Número de clasificación |
QH541 |
| Número de documento/Ítem |
.B84 2025 |
| 100 ## - ENTRADA PRINCIPAL--NOMBRE DE PERSONA |
| Nombre de persona |
Budden, Phil |
| 9 (RLIN) |
25497 |
| Término indicativo de función/relación |
author |
| 245 10 - MENCIÓN DE TÍTULO |
| Título |
Accelerating innovation |
| Resto del título |
: competitive advantage through ecosystem engagement |
| Mención de responsabilidad, etc. |
/ Phil Budden and Fiona Murray. |
| 250 ## - MENCIÓN DE EDICIÓN |
| Mención de edición |
First edition. |
| 260 ## - PUBLICACIÓN, DISTRIBUCIÓN, ETC. |
| Lugar de publicación, distribución, etc. |
Cambridge, MA : |
| Nombre del editor, distribuidor, etc. |
MIT Press, |
| Fecha de publicación, distribución, etc. |
2025. |
| 300 ## - DESCRIPCIÓN FÍSICA |
| Extensión |
190 pages : |
| Otras características físicas |
illustrations, tables (black and white) ; |
| Dimensiones |
24 cm. |
| 490 ## - MENCIÓN DE SERIE |
| Mención de serie |
Management on the Cutting Edge Series |
| 520 ## - SUMARIO, ETC. |
| Sumario, etc. |
A practical handbook for accelerating innovation, both internally and externally, through engagement with innovation ecosystems.<br/><br/>Leaders in large organizations face continuous pressure to innovate, and few possess all the internal resources needed to keep up with rapid advances in innovation, science, and technology. But looking beyond their own organizations, most face a bewildering landscape of external resources. In Accelerating Innovation, these leaders—whether from the private, public, or nonprofit sectors—will find a practical guide to this external landscape. Authors Phil Budden and Fiona Murray provide directions for navigating innovation ecosystems—those hotspots worldwide where researchers, entrepreneurs, and investors congregate.<br/><br/>While Silicon Valley and Greater Boston are popularly known for web-based digital technology and biotechnology respectively, the logic of innovation ecosystems is not solely American—so this guide takes in new locations and varied sectors such as Singapore (smart cities), Perth (mining), Cairo and Dubai (fintech), London and Lagos (fintech and media), Copenhagen (quantum computing), Rio de Janeiro (energy), Halifax (oceans), and Tel Aviv (cybersecurity). Drawing practical advice from a synthesis of works on tech, innovation, entrepreneurship, and strategic management, and from a decade of their own research and teaching at the intersection of these topics, Budden and Murray distill insights and interconnections from all these different worlds into a useful and globally applicable set of frameworks and models. Their approach provides leaders at every organizational level with a clear and workable roadmap for making the most of the unique resources of innovation ecosystems, and how to bring that into their organizations. |
| 650 #0 - PUNTO DE ACCESO ADICIONAL DE MATERIA--TÉRMINO DE MATERIA |
| Término de materia o nombre geográfico como elemento de entrada |
Biotic communities |
| 9 (RLIN) |
25498 |
| 650 #0 - PUNTO DE ACCESO ADICIONAL DE MATERIA--TÉRMINO DE MATERIA |
| Término de materia o nombre geográfico como elemento de entrada |
Management |
| 9 (RLIN) |
319 |
| 650 #0 - PUNTO DE ACCESO ADICIONAL DE MATERIA--TÉRMINO DE MATERIA |
| Término de materia o nombre geográfico como elemento de entrada |
Technological innovations |
| Subdivisión general |
Management |
| 9 (RLIN) |
2562 |
| 700 ## - ENTRADA AGREGADA--NOMBRE PERSONAL |
| Nombre de persona |
Murray, Fiona |
| 9 (RLIN) |
25499 |
| Término indicativo de función/relación |
author |
| 942 ## - ELEMENTOS DE ENTRADA AGREGADA (KOHA) |
| Fuente del sistema de clasificación o colocación |
Clasificación de Library of Congress |